[Event "III Trofeo Perla del Sarcidano A"]
[Site "Laconi ITA"]
[Date "2007.08.06"]
[Round "4"]
[White "Pais, Mario"]
[Black "Mereu, Matteo"]
[Result "0-1"]
[WhiteElo "1837"]
[BlackElo "1953"]
[PlyCount "74"]
[EventDate "2007.08.04"]

1. e4 e5 2. d4 d5 3. dxe5 d4 4. Bc4 Nc6 5. Nf3 Bc5 6. Bxf7+ Kxf7 7. Ng5+ Ke8 8.
Qh5+ g6 9. Qe2 Qe7 10. O-O Nxe5 11. Na3 h6 12. Nf3 Bg4 13. Nb5 c6 14. Na3 Qf6
15. Rd1 Nxf3+ 16. gxf3 Qxf3 17. Qxf3 Bxf3 18. Rd2 Bxa3 19. bxa3 c5 20. Bb2 Rh7
21. c3 Rd7 22. cxd4 cxd4 23. e5 Kf7 24. Rc1 Rad8 25. a4 Ke6 26. Rd3 Be4 27. Rb3
Kxe5 28. Re1 Kf5 29. Rb5+ Rd5 30. Rxb7 R8d7 31. Rb4 Nf6 32. Bc1 g5 33. a3 Bf3
34. Rb8 d3 35. Re3 g4 36. Bd2 Ne4 37. Rf8+ Kg6 0-1

[Event "III Trofeo Perla del Sarcidano A"]
[Site "Laconi ITA"]
[Date "2007.08.06"]
[Round "4"]
[White "Pinna, Nicola"]
[Black "Setzu, Francesco"]
[Result "1/2-1/2"]
[WhiteElo "1473"]
[BlackElo "1646"]
[PlyCount "130"]
[EventDate "2007.08.04"]

1. e4 c6 2. d4 d5 3. exd5 cxd5 4. Nf3 Bg4 5. Be2 e6 6. O-O Bd6 7. h3 Bh5 8. Nc3
a6 9. Ne5 Bxe2 10. Qxe2 Ne7 11. Bg5 Nd7 12. Bxe7 Qxe7 13. f4 O-O 14. Nxd7 Qxd7
15. f5 b5 16. f6 gxf6 17. Rxf6 Be7 18. Rh6 f5 19. Qxe6+ Qxe6 20. Rxe6 Bf6 21.
Ne2 Rae8 22. Rxe8 Rxe8 23. Kf2 Kg7 24. c3 Kg6 25. Nf4+ Kg5 26. Nxd5 Bd8 27. g3
h5 28. Re1 Rxe1 29. Kxe1 h4 30. Kf2 hxg3+ 31. Kxg3 Kg6 32. Nf4+ Kf6 33. h4 Bc7
34. Kf3 Kf7 35. Nd3 Kg6 36. Ne5+ Kh5 37. Kf4 Kxh4 38. Kxf5 Kg3 39. Ke4 Kf2 40.
Kd3 Kg3 41. b4 Kf4 42. Nc6 Kf5 43. d5 Kf6 44. c4 bxc4+ 45. Kxc4 Bd6 46. b5
axb5+ 47. Kxb5 Kf7 48. Kb6 Ke8 49. a4 Kd7 50. Kb5 Bf4 51. a5 Kd6 52. Kc4 Kc7
53. Kb5 Kd6 54. a6 Be3 55. Kc4 Kc7 56. a7 Kb7 57. d6 Bb6 58. Kb5 Bf2 59. Kc4
Bh4 60. Kd5 Bg5 61. Ke6 Bh4 62. Ne7 Bg3 63. d7 Bc7 64. Kd5 Kxa7 65. Kc6 Bd8
1/2-1/2

[Event "III Trofeo Perla del Sarcidano A"]
[Site "Laconi ITA"]
[Date "2007.08.07"]
[Round "5"]
[White "Altea, Giovanni"]
[Black "Figus, Maurizio"]
[Result "1-0"]
[WhiteElo "1789"]
[BlackElo "1908"]
[PlyCount "71"]
[EventDate "2007.08.04"]

1. c4 Nf6 2. Nc3 g6 3. g3 Bg7 4. Bg2 O-O 5. e3 e5 6. Nge2 d6 7. O-O c6 8. d4
Bg4 9. h3 Be6 10. d5 cxd5 11. cxd5 Bd7 12. Bd2 Na6 13. Qb3 Nc5 14. Qa3 a5 15.
b4 axb4 16. Qxb4 Qe7 17. a4 h5 18. h4 Nh7 19. a5 g5 20. hxg5 Qxg5 21. Qh4 Qxh4
22. gxh4 Nb3 23. Ra2 Nxd2 24. Rxd2 Rxa5 25. Rb1 b5 26. Rdb2 Rb8 27. Ng3 e4 28.
Nge2 Rc8 29. Rb3 b4 30. Nxe4 Rxd5 31. Rxb4 f5 32. Nf4 Ra5 33. Nxd6 Bf8 34. Nxc8
Bxb4 35. Rxb4 Bxc8 36. Rb8 1-0

[Event "III Trofeo Perla del Sarcidano A"]
[Site "Laconi ITA"]
[Date "2007.08.07"]
[Round "5"]
[White "Carucci, Bruno"]
[Black "Caredda, Giuseppe"]
[Result "0-1"]
[WhiteElo "1434"]
[BlackElo "1451"]
[PlyCount "108"]
[EventDate "2007.08.04"]

1. e4 c5 2. Nf3 Nc6 3. d4 cxd4 4. Nxd4 Nf6 5. Nc3 e5 6. Ndb5 d6 7. Bg5 a6 8.
Na3 b5 9. Nd5 Be7 10. Bd3 Be6 11. Nxe7 Qxe7 12. c3 O-O 13. Qd2 Rad8 14. h4 d5
15. Bxf6 Qxf6 16. Qg5 Qe7 17. Qxe7 Nxe7 18. O-O-O f5 19. Kb1 fxe4 20. Bc2 Rxf2
21. Bxe4 Bf5 22. Bxf5 Nxf5 23. g4 Ne7 24. c4 bxc4 25. Nxc4 Nc6 26. Rhe1 dxc4
27. Rxd8+ Nxd8 28. Rxe5 Rf1+ 29. Kc2 Rf2+ 30. Kc3 Kf7 31. Re4 Rf1 32. Rxc4 Rc1+
33. Kb3 Rxc4 34. Kxc4 Nc6 35. Kd5 Nb4+ 36. Kc5 Nxa2 37. b4 Ke6 38. b5 axb5 39.
Kxb5 Ke5 40. Kc4 Kf4 41. g5 Kg4 42. Kb3 Nc1+ 43. Kc2 Ne2 44. Kd2 Nf4 45. Ke3
Nh3 46. Ke4 g6 47. h5 Kxh5 48. Kf3 Kxg5 49. Kg3 Nf4 50. Kh2 Kg4 51. Kg1 Kg3 52.
Kh1 h5 53. Kg1 h4 54. Kf1 Ne2 0-1

[Event "III Trofeo Perla del Sarcidano A"]
[Site "Laconi ITA"]
[Date "2007.08.07"]
[Round "5"]
[White "Gromovs, Sergejs"]
[Black "Napoli, Nicolo'"]
[Result "0-1"]
[WhiteElo "2368"]
[BlackElo "2277"]
[PlyCount "90"]
[EventDate "2007.08.04"]

1. d4 Nf6 2. Bg5 e6 3. e3 h6 4. Bh4 c5 5. Nd2 Nc6 6. c3 b6 7. Bd3 Bb7 8. Ngf3
g5 9. Bg3 Nh5 10. Be5 Nxe5 11. Nxe5 Nf6 12. h4 Bg7 13. hxg5 hxg5 14. Rxh8+ Bxh8
15. Ndf3 d6 16. Qa4+ Kf8 17. Nxf7 Kxf7 18. Nxg5+ Ke7 19. dxc5 bxc5 20. O-O-O
Qe8 21. Bb5 Qh5 22. f4 Nd5 23. Qa5 Nb6 24. Bd3 Bxg2 25. Qa6 Bf3 26. Rg1 Bf6 27.
Ne4 Qh2 28. Rf1 Bxe4 29. Bxe4 Rb8 30. Bc6 Nd7 31. Bb7 Qh3 32. Re1 Qg3 33. Re2
Qg1+ 34. Kc2 c4 35. Qxa7 Qg6+ 36. e4 Qg4 37. Rd2 Qxf4 38. Bc6 Rd8 39. a4 Bg5
40. Rd1 Qe3 41. Qd4 Ne5 42. Bb5 Qe2+ 43. Kb1 Be3 44. Bxc4 Qf2 45. Rf1 Bxd4 0-1

[Event "III Trofeo Perla del Sarcidano A"]
[Site "Laconi ITA"]
[Date "2007.08.07"]
[Round "5"]
[White "Locci, Damiano"]
[Black "Ljubisavljevic, Zivojin Z."]
[Result "0-1"]
[WhiteElo "2025"]
[BlackElo "2296"]
[PlyCount "33"]
[EventDate "2007.08.04"]

1. Nf3 f5 2. d3 Nf6 3. e4 d5 4. e5 Ng8 5. d4 e6 6. Bd3 c5 7. c3 Nc6 8. g4 Nge7
9. Bg5 Qb6 10. Qc2 fxg4 11. Nh4 cxd4 12. Bf6 dxc3 13. bxc3 Qc7 14. Bxh7 gxf6
15. Ng6 Rxh7 16. Nxf8 Rf7 17. Na3 0-1

[Event "III Trofeo Perla del Sarcidano A"]
[Site "Laconi ITA"]
[Date "2007.08.07"]
[Round "5"]
[White "Mereu, Matteo"]
[Black "Dessy, Eugenio"]
[Result "0-1"]
[WhiteElo "1953"]
[BlackElo "1602"]
[PlyCount "85"]
[EventDate "2007.08.04"]

1. h4 e5 2. d4 exd4 3. Nf3 d5 4. c3 d3 5. exd3 Bg4 6. Be2 Nc6 7. d4 Bd6 8. Be3
Nge7 9. Qc2 Ng6 10. Nbd2 Nf4 11. Bxf4 Bxf4 12. O-O-O Qf6 13. Rde1 O-O-O 14. Bd3
Rhe8 15. Qd1 Na5 16. Be2 Nc4 17. Bxc4 dxc4 18. Rxe8 Rxe8 19. Re1 Rxe1 20. Qxe1
Kd8 21. Qe4 Bxf3 22. Qxf3 Bxd2+ 23. Kxd2 Qxf3 24. gxf3 Ke7 25. Ke3 f5 26. d5
Kd6 27. Kf4 Kxd5 28. Kxf5 a6 29. f4 b6 30. f3 c6 31. h5 c5 32. Kg5 Ke6 33. f5+
Kf7 34. Kf4 Kf6 35. Kg4 b5 36. Kf4 b4 37. a4 a5 38. Kg4 h6 39. Kf4 b3 40. Ke4
Kg5 41. f6 gxf6 42. f4+ Kg4 43. f5 0-1

[Event "III Trofeo Perla del Sarcidano A"]
[Site "Laconi ITA"]
[Date "2007.08.07"]
[Round "5"]
[White "Pais, Mario"]
[Black "Pinna, Nicola"]
[Result "0-1"]
[WhiteElo "1837"]
[BlackElo "1473"]
[PlyCount "58"]
[EventDate "2007.08.04"]

1. e4 e5 2. d4 exd4 3. Nf3 Nc6 4. Bc4 Bb4+ 5. c3 dxc3 6. O-O Nf6 7. e5 Ng4 8.
Bxf7+ Kxf7 9. Ng5+ Ke8 10. Qxg4 Qe7 11. Nxc3 Bxc3 12. bxc3 Nxe5 13. Qh5+ g6 14.
Qe2 Rf8 15. Re1 d6 16. f4 Rf5 17. g4 Rxg5 18. fxg5 Nf3+ 19. Kf2 Nxe1 20. Qxe1
Qxe1+ 21. Kxe1 Bxg4 22. Bf4 Kd7 23. Kd2 Re8 24. Be3 a6 25. Rf1 Bf5 26. a3 Re4
27. Ra1 c5 28. a4 Rh4 29. Bg1 Rg4 0-1

[Event "III Trofeo Perla del Sarcidano A"]
[Site "Laconi ITA"]
[Date "2007.08.07"]
[Round "5"]
[White "Palmas, Alessandro"]
[Black "Cossu, Fabrizio"]
[Result "1-0"]
[WhiteElo "1527"]
[BlackElo "1554"]
[PlyCount "51"]
[EventDate "2007.08.04"]

1. d4 f5 2. Nf3 Nf6 3. c4 e6 4. a3 b6 5. Bg5 Be7 6. e3 Bb7 7. Ne5 O-O 8. Nc3 d6
9. Nd3 Nbd7 10. Nf4 Qc8 11. Nxe6 Re8 12. d5 Nf8 13. Nf4 h6 14. Bxf6 Bxf6 15.
Qc2 Qd7 16. Bd3 g6 17. Nxg6 Nxg6 18. Bxf5 Qg7 19. Bxg6 Bxc3+ 20. bxc3 Re5 21.
h4 h5 22. Rg1 c6 23. g4 cxd5 24. gxh5 Kh8 25. O-O-O Rc8 26. Bf5 1-0

[Event "III Trofeo Perla del Sarcidano A"]
[Site "Laconi ITA"]
[Date "2007.08.07"]
[Round "5"]
[White "Puzzoni, Christian"]
[Black "Pes, Francesco"]
[Result "1-0"]
[WhiteElo "2117"]
[BlackElo "1820"]
[PlyCount "53"]
[EventDate "2007.08.04"]

1. h4 e5 2. e4 Bc5 3. Bc4 Nf6 4. Nc3 d6 5. d3 Bg4 6. f3 Be6 7. Bg5 h6 8. Bxe6
fxe6 9. Bd2 a5 10. Nce2 Nc6 11. c3 Ne7 12. Qb3 Qc8 13. d4 a4 14. Qc4 exd4 15.
Nxd4 Bxd4 16. cxd4 Qd7 17. Ne2 d5 18. Qd3 dxe4 19. fxe4 e5 20. O-O O-O 21. Bb4
exd4 22. Rad1 b6 23. Qc4+ Kh8 24. Rxd4 Qe8 25. Qxc7 Qh5 26. Nf4 Qg4 27. Qxe7
1-0

[Event "III Trofeo Perla del Sarcidano A"]
[Site "Laconi ITA"]
[Date "2007.08.07"]
[Round "6"]
[White "Caglio, Luigi"]
[Black "Palmas, Alessandro"]
[Result "1-0"]
[WhiteElo "1890"]
[BlackElo "1527"]
[PlyCount "75"]
[EventDate "2007.08.04"]

1. e4 e5 2. f4 d5 3. exd5 e4 4. d3 exd3 5. Bxd3 Nf6 6. Nc3 Bg4 7. Be2 Bxe2 8.
Qxe2+ Be7 9. Bd2 Nxd5 10. O-O-O Nb6 11. Be3 N8d7 12. Bc5 Nc8 13. Nf3 f6 14.
Rhe1 b6 15. Bxe7 Nxe7 16. Nd5 O-O 17. Qxe7 Qxe7 18. Nxe7+ Kh8 19. Rxd7 c5 20.
Nf5 Rfe8 21. Rxe8+ Rxe8 22. Re7 Rxe7 23. Nxe7 g6 24. Nc8 Kg7 25. Nxa7 Kf7 26.
Nc8 Ke6 27. Nxb6 Kf5 28. a4 Kxf4 29. Nd5+ Kf5 30. a5 Ke6 31. a6 Kxd5 32. a7 Ke4
33. a8=Q+ Ke3 34. Qe8+ Kf2 35. Qe1+ Kxg2 36. Qg3+ Kf1 37. Kd2 g5 38. Qg1# 1-0

[Event "III Trofeo Perla del Sarcidano A"]
[Site "Laconi ITA"]
[Date "2007.08.07"]
[Round "6"]
[White "Carucci, Bruno"]
[Black "Pais, Mario"]
[Result "0-1"]
[WhiteElo "1434"]
[BlackElo "1837"]
[PlyCount "67"]
[EventDate "2007.08.04"]

1. e4 d5 2. exd5 Nf6 3. Nc3 Nxd5 4. Qf3 Nf6 5. d3 Nc6 6. Qd1 Bf5 7. Nf3 e5 8.
Be2 Bd6 9. Bg5 h6 10. Bxf6 Qxf6 11. Nd5 Qe6 12. Ne3 O-O-O 13. Nxf5 Qxf5 14. O-O
e4 15. Nd2 Qe5 16. g3 e3 17. Nc4 exf2+ 18. Rxf2 Qc5 19. Nxd6+ Rxd6 20. Kg2 Nd4
21. c3 Nc6 22. Rxf7 Qd5+ 23. Rf3 Ne5 24. Qb3 Qc6 25. Rd1 Ng4 26. Qc4 Ne3+ 27.
Kf2 Nxc4 28. dxc4 Rxd1 29. Bxd1 Qxc4 30. Bb3 Qc5+ 31. Kg2 Rd8 32. Be6+ Kb8 33.
Bb3 Rd2+ 34. Kh3 0-1

[Event "III Trofeo Perla del Sarcidano A"]
[Site "Laconi ITA"]
[Date "2007.08.07"]
[Round "6"]
[White "Cossu, Fabrizio"]
[Black "Caredda, Giuseppe"]
[Result "1-0"]
[WhiteElo "1554"]
[BlackElo "1451"]
[PlyCount "49"]
[EventDate "2007.08.04"]

1. e4 c5 2. Nf3 Nc6 3. d4 cxd4 4. Nxd4 Nf6 5. Nc3 e5 6. Ndb5 d6 7. Nd5 a6 8.
Nbc7+ Kd7 9. Nxa8 Nxd5 10. exd5 Nd4 11. c3 Nf5 12. a4 Ke8 13. a5 Bd7 14. Nb6 g6
15. Bd3 Bg7 16. Bc2 Nh4 17. O-O Bb5 18. Ba4 Bxa4 19. Qxa4+ Kf8 20. f4 Kg8 21.
fxe5 Bxe5 22. Bf4 Bg7 23. Rae1 h6 24. Re8+ Qxe8 25. Qxe8+ 1-0

[Event "III Trofeo Perla del Sarcidano A"]
[Site "Laconi ITA"]
[Date "2007.08.07"]
[Round "6"]
[White "Dessy, Eugenio"]
[Black "Altea, Giovanni"]
[Result "0-1"]
[WhiteElo "1602"]
[BlackElo "1789"]
[PlyCount "58"]
[EventDate "2007.08.04"]

1. e4 c5 2. Nf3 e6 3. d4 cxd4 4. Nxd4 a6 5. Bd3 Nf6 6. Be3 Qc7 7. Qe2 Bb4+ 8.
Nd2 O-O 9. c3 Be7 10. g4 d5 11. g5 Nxe4 12. Nxe4 dxe4 13. Bxe4 Nd7 14. Bxh7+
Kxh7 15. Qh5+ Kg8 16. f4 Nc5 17. Ke2 e5 18. g6 fxg6 19. Qxg6 Qd6 20. Qxd6 Bxd6
21. fxe5 Bxe5 22. Rhg1 Bd7 23. Rg5 Rae8 24. Rag1 Na4 25. Nf3 Bf6 26. R5g3 Nxb2
27. Rb1 Nc4 28. Nd4 b5 29. Nb3 Bxc3 0-1

[Event "III Trofeo Perla del Sarcidano A"]
[Site "Laconi ITA"]
[Date "2007.08.07"]
[Round "6"]
[White "Figus, Maurizio"]
[Black "Locci, Damiano"]
[Result "0-1"]
[WhiteElo "1908"]
[BlackElo "2025"]
[PlyCount "58"]
[EventDate "2007.08.04"]

1. e4 e5 2. Nf3 Nc6 3. d4 exd4 4. Nxd4 Bb4+ 5. c3 Bc5 6. Be3 Bb6 7. Nd2 d6 8.
Nc4 Nf6 9. Nxb6 axb6 10. Bb5 Bd7 11. f3 O-O 12. Bxc6 bxc6 13. O-O Ra5 14. Qe1
Re8 15. g4 d5 16. g5 Nh5 17. b4 Ra8 18. Qh4 g6 19. Bd2 dxe4 20. fxe4 c5 21.
bxc5 bxc5 22. Nf3 Ra4 23. Rae1 Bc6 24. Qf2 Rexe4 25. Rxe4 Rxe4 26. Ne5 Rxe5 27.
Qxf7+ Kh8 28. c4 Qd4+ 29. Rf2 Qg4+ 0-1

[Event "III Trofeo Perla del Sarcidano A"]
[Site "Laconi ITA"]
[Date "2007.08.07"]
[Round "6"]
[White "Ljubisavljevic, Zivojin Z."]
[Black "Napoli, Nicolo'"]
[Result "1-0"]
[WhiteElo "2296"]
[BlackElo "2277"]
[PlyCount "91"]
[EventDate "2007.08.04"]

1. Nf3 Nf6 2. d4 c5 3. c3 e6 4. g3 b6 5. Bg2 Bb7 6. O-O Be7 7. Bg5 O-O 8. Nbd2
h6 9. Bxf6 Bxf6 10. dxc5 bxc5 11. Nc4 d5 12. Nce5 Nc6 13. Ng4 Be7 14. Re1 Qc7
15. Qc2 Rab8 16. b3 f5 17. Ne3 Bf6 18. Rac1 Rbc8 19. Nd1 Qe7 20. Nb2 Ba6 21. c4
Nb4 22. Qb1 d4 23. Nd3 Nc6 24. Nf4 Qf7 25. Nd3 Qe7 26. e4 dxe3 27. Rxe3 Bd4 28.
Nxd4 Nxd4 29. Nf4 Qd6 30. Nxe6 Rf6 31. Nxd4 cxd4 32. Rd3 f4 33. Bd5+ Kh8 34.
Rxd4 fxg3 35. hxg3 Rcf8 36. Rd2 Bc8 37. Qd3 Rf3 38. Qe3 R3f5 39. Bg2 Qa3 40.
Re1 h5 41. Qe7 Qa5 42. b4 Qb6 43. Re6 Qb8 44. Red6 Kh7 45. Be4 Re8 46. Rd8 1-0

[Event "III Trofeo Perla del Sarcidano A"]
[Site "Laconi ITA"]
[Date "2007.08.07"]
[Round "6"]
[White "Pes, Francesco"]
[Black "Setzu, Francesco"]
[Result "1/2-1/2"]
[WhiteElo "1820"]
[BlackElo "1646"]
[PlyCount "20"]
[EventDate "2007.08.04"]

1. e4 d6 2. d4 g6 3. Bd3 Bg7 4. Nf3 Nd7 5. O-O b6 6. c4 c5 7. Be3 Bb7 8. Nc3
Ngf6 9. d5 O-O 10. h3 Ne8 1/2-1/2

[Event "III Trofeo Perla del Sarcidano A"]
[Site "Laconi ITA"]
[Date "2007.08.07"]
[Round "6"]
[White "Pinna, Nicola"]
[Black "Mereu, Matteo"]
[Result "0-1"]
[WhiteElo "1473"]
[BlackElo "1953"]
[PlyCount "40"]
[EventDate "2007.08.04"]

1. e4 e5 2. Nf3 f5 3. Nc3 Nf6 4. d4 exd4 5. Nxd4 fxe4 6. Bg5 Be7 7. Bxf6 Bxf6
8. Bc4 c6 9. Qd2 d5 10. Be2 O-O 11. O-O Qb6 12. Nb3 Bf5 13. Na4 Qc7 14. Nc3 Nd7
15. Nd4 Qe5 16. Nxf5 Qxf5 17. h3 Ne5 18. Kh1 Nf3 19. gxf3 Qxh3+ 20. Kg1 Be5 0-1

[Event "III Trofeo Perla del Sarcidano A"]
[Site "Laconi ITA"]
[Date "2007.08.07"]
[Round "6"]
[White "Puzzoni, Christian"]
[Black "Gromovs, Sergejs"]
[Result "1-0"]
[WhiteElo "2117"]
[BlackElo "2368"]
[PlyCount "121"]
[EventDate "2007.08.04"]

1. e4 c5 2. Nf3 d6 3. b4 cxb4 4. d4 Nf6 5. Bd3 g6 6. a3 bxa3 7. Nxa3 Bg7 8. O-O
O-O 9. h3 Nc6 10. Bd2 a6 11. d5 Nb8 12. Nc4 Nbd7 13. Rb1 a5 14. Qe1 a4 15. Ba5
Rxa5 16. Qxa5 Qxa5 17. Nxa5 Nc5 18. Nd2 Bh6 19. Nac4 e6 20. dxe6 fxe6 21. Rfd1
d5 22. exd5 Nxd5 23. Re1 Nc3 24. Rb6 a3 25. Nb3 N5a4 26. Rb4 Rd8 27. Nb6 Nxb6
28. Rxb6 a2 29. Bc4 Na4 30. Bxe6+ Kf8 31. Rb4 b5 32. Rxb5 Bxe6 33. Rxe6 Rd1+
34. Kh2 Rb1 35. Ra5 Rxb3 36. Rxa4 Rb2 37. Rc6 Ke7 38. Ra7+ Kd8 39. Rca6 Rxc2
40. Rxh7 Bf4+ 41. g3 Rxf2+ 42. Kg1 Rb2 43. Ra8+ Bb8 44. Rha7 Rb1+ 45. Kg2 Rb2+
46. Kf3 Rb3+ 47. Ke4 Kc8 48. Rxa2 Rxg3 49. Rb2 Rxh3 50. Raxb8+ Kd7 51. R2b6 Kc7
52. R8b7+ Kc8 53. Rg7 Rh4+ 54. Ke5 Rh1 55. Rf6 Re1+ 56. Kf4 g5+ 57. Kxg5 Re8
58. Rgf7 Re1 59. Rg7 Re8 60. Kg6 Rd8 61. Kh7 1-0

[Event "III Trofeo Perla del Sarcidano A"]
[Site "Laconi ITA"]
[Date "2007.08.08"]
[Round "7"]
[White "Altea, Giovanni"]
[Black "Ljubisavljevic, Zivojin Z."]
[Result "0-1"]
[WhiteElo "1789"]
[BlackElo "2296"]
[PlyCount "82"]
[EventDate "2007.08.04"]

1. c4 e5 2. Nc3 f5 3. g3 Nf6 4. Bg2 Bb4 5. Nd5 Nxd5 6. cxd5 O-O 7. a3 Ba5 8. b4
Bb6 9. d3 d6 10. e3 a5 11. Bd2 f4 12. Nf3 fxe3 13. Bxe3 Bg4 14. h3 Bxf3 15.
Bxf3 Bxe3 16. fxe3 axb4 17. Qe2 bxa3 18. O-O Nd7 19. Be4 Rxf1+ 20. Rxf1 Qg5 21.
Kg2 a2 22. Ra1 Nc5 23. h4 Qh6 24. Bf5 Qf6 25. e4 g6 26. Bg4 Kg7 27. Qc2 h5 28.
Bf3 Rf8 29. Qd1 Nb3 30. Rxa2 Nd4 31. Rf2 Nxf3 32. Rxf3 Qxf3+ 33. Qxf3 Rxf3 34.
Kxf3 c5 35. dxc6 bxc6 36. Ke3 Kf6 37. Kf3 Ke6 38. Ke3 d5 39. Kf3 Kd6 40. Ke3
Kc5 41. Kd2 dxe4 0-1

[Event "III Trofeo Perla del Sarcidano A"]
[Site "Laconi ITA"]
[Date "2007.08.08"]
[Round "7"]
[White "Caglio, Luigi"]
[Black "Puzzoni, Christian"]
[Result "0-1"]
[WhiteElo "1890"]
[BlackElo "2117"]
[PlyCount "68"]
[EventDate "2007.08.04"]

1. e4 e5 2. f4 Nc6 3. Nf3 f5 4. d4 fxe4 5. Nxe5 Nf6 6. d5 Ne7 7. Nc3 Nf5 8. g4
Bc5 9. gxf5 O-O 10. d6 b5 11. Bxb5 cxd6 12. Qe2 d5 13. Be3 Bb4 14. O-O Bb7 15.
Rad1 Qc8 16. Bd4 Bc5 17. Bf2 d6 18. h3 Qxf5 19. Bxc5 dxc5 20. Bc6 Bxc6 21. Nxc6
Qe6 22. Ne5 Qxh3 23. Qg2 Qe6 24. Rfe1 Rad8 25. Nb5 Nh5 26. Nc7 Qb6 27. Nxd5
Rxd5 28. Rxd5 Nxf4 29. Qxe4 c4+ 30. Kh2 Qh6+ 31. Kg3 Qh3+ 32. Kf2 Nxd5+ 33. Ke2
Qh5+ 34. Nf3 Re8 0-1

[Event "III Trofeo Perla del Sarcidano A"]
[Site "Laconi ITA"]
[Date "2007.08.08"]
[Round "7"]
[White "Caredda, Giuseppe"]
[Black "Pinna, Nicola"]
[Result "0-1"]
[WhiteElo "1451"]
[BlackElo "1473"]
[PlyCount "56"]
[EventDate "2007.08.04"]

1. e4 e5 2. Nf3 Nc6 3. Bb5 a6 4. Ba4 Nf6 5. O-O b5 6. Bb3 Be7 7. d3 O-O 8. Re1
d6 9. h3 Na5 10. c3 c5 11. Bc2 Bb7 12. Nbd2 Qc7 13. Nf1 Rfe8 14. Ne3 d5 15.
exd5 Nxd5 16. Nxd5 Bxd5 17. Rxe5 Bxf3 18. Qxf3 Qxe5 19. Bf4 Qf6 20. Qg3 Nb7 21.
Be5 Bd6 22. Bxd6 Nxd6 23. Rd1 Re2 24. Rc1 Rae8 25. Kf1 Rd2 26. f3 Nf5 27. Qh2
Ne3+ 28. Kg1 Rxg2+ 0-1

[Event "III Trofeo Perla del Sarcidano A"]
[Site "Laconi ITA"]
[Date "2007.08.08"]
[Round "7"]
[White "Gromovs, Sergejs"]
[Black "Dessy, Eugenio"]
[Result "1-0"]
[WhiteElo "2368"]
[BlackElo "1602"]
[PlyCount "53"]
[EventDate "2007.08.04"]

1. d4 Nf6 2. Nf3 g6 3. c4 Bg7 4. Nc3 O-O 5. e4 d6 6. Be2 e5 7. O-O Nbd7 8. Re1
exd4 9. Nxd4 a5 10. Bf1 Nc5 11. f3 Ne8 12. Be3 f5 13. exf5 Bxf5 14. Nxf5 Rxf5
15. Qd2 Qd7 16. Rad1 Rd8 17. Nd5 b6 18. Bg5 Rb8 19. Re7 Qa4 20. b3 Qa3 21. Rde1
Be5 22. f4 Qb2 23. Qxb2 Bxb2 24. Rxe8+ Rxe8 25. Rxe8+ Kg7 26. Re7+ Rf7 27. Bh6+
1-0

[Event "III Trofeo Perla del Sarcidano A"]
[Site "Laconi ITA"]
[Date "2007.08.08"]
[Round "7"]
[White "Mereu, Matteo"]
[Black "Figus, Maurizio"]
[Result "1-0"]
[WhiteElo "1953"]
[BlackElo "1908"]
[PlyCount "63"]
[EventDate "2007.08.04"]

1. e4 c5 2. a3 Nc6 3. b4 cxb4 4. axb4 d5 5. b5 Nd4 6. c3 Ne6 7. e5 Qc7 8. d4 g6
9. Bd3 Bh6 10. Ne2 Bxc1 11. Qxc1 h5 12. f4 Nh6 13. O-O Ng7 14. Qb2 b6 15. c4
Bf5 16. Bxf5 Ngxf5 17. cxd5 Qd7 18. Qb3 Ng4 19. Rf3 Nh4 20. Rh3 g5 21. fxg5 Qf5
22. Qg3 Qc2 23. Nbc3 Nf5 24. Qxg4 hxg4 25. Rxh8+ Kd7 26. Rxa8 a5 27. bxa6 Nxd4
28. a7 Qd3 29. Nxd4 Qxd4+ 30. Kh1 Qxc3 31. Rd8+ Kc7 32. a8=Q 1-0

[Event "III Trofeo Perla del Sarcidano A"]
[Site "Laconi ITA"]
[Date "2007.08.08"]
[Round "7"]
[White "Napoli, Nicolo'"]
[Black "Locci, Damiano"]
[Result "0-1"]
[WhiteElo "2277"]
[BlackElo "2025"]
[PlyCount "106"]
[EventDate "2007.08.04"]

1. e4 e5 2. Nf3 Nc6 3. d4 exd4 4. Nxd4 Bb4+ 5. c3 Bc5 6. Be3 Bb6 7. g3 d6 8.
Bg2 Nf6 9. O-O Bd7 10. Nd2 Qe7 11. a4 O-O 12. h3 Rae8 13. Re1 Qd8 14. b4 Ne5
15. Qc2 c5 16. Nf5 Bxf5 17. exf5 cxb4 18. cxb4 Bxe3 19. Rxe3 Qb6 20. Qb3 Nc6
21. Bxc6 Qxc6 22. Rae1 Rxe3 23. Rxe3 Re8 24. Nf1 Rxe3 25. Nxe3 d5 26. Qd3 Qxa4
27. b5 Qe4 28. Qxe4 Nxe4 29. Nxd5 Nd6 30. Nc3 Nxf5 31. Kf1 Kf8 32. Ke2 Ke7 33.
Kd3 a6 34. g4 Nd6 35. Nd5+ Kd7 36. Nb6+ Kc7 37. Nd5+ Kd7 38. Nb6+ Kd8 39. bxa6
bxa6 40. Kd4 Kc7 41. Nd5+ Kc6 42. Nb4+ Kb5 43. Nxa6 Kxa6 44. Kd5 Ne8 45. Kc6
Nf6 46. f3 g5 47. Kd6 Kb5 48. Ke5 Ng8 49. f4 gxf4 50. Kxf4 Kc6 51. Kf5 Kd6 52.
h4 Ke7 53. Kg5 Kf8 0-1

[Event "III Trofeo Perla del Sarcidano A"]
[Site "Laconi ITA"]
[Date "2007.08.08"]
[Round "7"]
[White "Pais, Mario"]
[Black "Cossu, Fabrizio"]
[Result "1/2-1/2"]
[WhiteElo "1837"]
[BlackElo "1554"]
[PlyCount "33"]
[EventDate "2007.08.04"]

1. e4 c5 2. Nf3 Nc6 3. d4 cxd4 4. c3 d5 5. e5 dxc3 6. Nxc3 e6 7. a3 Bc5 8. Bd3
f6 9. exf6 Nxf6 10. O-O O-O 11. Be3 d4 12. Na4 Bxa3 13. Bxd4 Nxd4 14. Nxd4 Bd6
15. h3 e5 16. Nb5 e4 17. Bc4+ 1/2-1/2

[Event "III Trofeo Perla del Sarcidano A"]
[Site "Laconi ITA"]
[Date "2007.08.08"]
[Round "7"]
[White "Palmas, Alessandro"]
[Black "Pes, Francesco"]
[Result "0-1"]
[WhiteElo "1527"]
[BlackElo "1820"]
[PlyCount "200"]
[EventDate "2007.08.04"]

1. e4 c6 2. d4 d5 3. exd5 cxd5 4. c4 Nf6 5. Nc3 Nc6 6. Nf3 Bg4 7. Be3 e6 8. h3
Bh5 9. a3 Be7 10. g4 Bg6 11. Nh4 Ne4 12. Nxg6 Nxc3 13. bxc3 fxg6 14. Qb3 Qa5
15. Bg2 O-O-O 16. Rb1 b6 17. c5 Rd7 18. cxb6 Qxa3 19. Qxa3 Bxa3 20. bxa7 Rxa7
21. Ke2 Bd6 22. c4 Ra2+ 23. Kf1 Ne7 24. c5 Bc7 25. Rd1 Kd7 26. Rd2 Ra4 27. Bf3
Rb8 28. Kg2 Ba5 29. Rdd1 Bc3 30. Rd3 Ba5 31. Bd1 Ra2 32. Rb3 Rxb3 33. Bxb3 Rb2
34. Ba4+ Kc8 35. Rc1 Bd2 36. Bxd2 Rxd2 37. Re1 Rxd4 38. Rxe6 Kd8 39. Rd6+ Kc8
40. Bb5 Rb4 41. Rb6 Kc7 42. Re6 Rxb5 43. Rxe7+ Kc6 44. Rxg7 Rb7 45. Rg8 Kxc5
46. Rc8+ Kd4 47. Rc1 Rd7 48. Kf3 Rf7+ 49. Ke2 Ke4 50. Rc3 d4 51. Ra3 Rd7 52.
Rg3 Ra7 53. h4 Ra2+ 54. Ke1 Ra1+ 55. Kd2 Rh1 56. h5 gxh5 57. gxh5 Rxh5 58. f3+
Kd5 59. f4 Ke4 60. Rg8 Rh2+ 61. Ke1 Kxf4 62. Rf8+ Ke3 63. Re8+ Kd3 64. Rd8 h5
65. Kf1 h4 66. Rh8 Kc2 67. Kg1 Rh3 68. Kg2 Rg3+ 69. Kh2 d3 70. Rxh4 d2 71. Kxg3
d1=Q 72. Rf4 Qd3+ 73. Kg4 Qg6+ 74. Kf3 Kd3 75. Kf2 Qb6+ 76. Kg3 Ke3 77. Rf3+
Ke2 78. Rf4 Qe3+ 79. Kg4 Qe6+ 80. Kg5 Ke3 81. Rf6 Qg8+ 82. Rg6 Qd5+ 83. Kf6 Kf4
84. Kg7 Qd7+ 85. Kh6 Qf7 86. Rg1 Qf8+ 87. Kh7 Qf5+ 88. Rg6 Qd7+ 89. Kh6 Qf7 90.
Rg1 Qf6+ 91. Kh7 Ke5 92. Re1+ Kd6 93. Rd1+ Ke7 94. Rc1 Qf5+ 95. Kg8 Qg5+ 96.
Kh7 Qxc1 97. Kg6 Qf4 98. Kh5 Qg3 99. Kh6 Kf6 100. Kh7 Qg7# 0-1

[Event "III Trofeo Perla del Sarcidano A"]
[Site "Laconi ITA"]
[Date "2007.08.08"]
[Round "7"]
[White "Setzu, Francesco"]
[Black "Carucci, Bruno"]
[Result "1-0"]
[WhiteElo "1646"]
[BlackElo "1434"]
[PlyCount "59"]
[EventDate "2007.08.04"]

1. d4 Nf6 2. Nf3 e6 3. e3 Bb4+ 4. c3 Be7 5. Bd3 d5 6. Nbd2 c5 7. O-O Nc6 8. Qe2
c4 9. Bc2 b5 10. e4 b4 11. e5 Nd7 12. Ne1 Nf8 13. f4 bxc3 14. bxc3 f5 15. g4
Ba6 16. gxf5 h5 17. Qg2 Rg8 18. f6 Bxf6 19. exf6 Qxf6 20. Ndf3 Bc8 21. Ng5 g6
22. Nef3 Ne7 23. Ne5 Nf5 24. Rb1 Rg7 25. Ba4+ Nd7 26. Re1 Kf8 27. Nxd7+ Rxd7
28. Bxd7 Qg7 29. Bxc8 Rxc8 30. Nxe6+ 1-0